Ligne 16 et 16s RTM : bus marseillais - Statistiques

Statistiques générales
  • Ce quiz a été pris 3 fois
  • Le résultat moyen est 14 sur 22
Statistiques - réponses
Indice Arrêt % Correct
©17 Lycée Jean Perrin
100%
Bois Fleury
100%
©M2-15/s-17-24-46/s-47-48/t-73 Sainte Marguerite Dromel
100%
Collège Gyptis
100%
©17 Lycée Jean Perrin
100%
Résidence du Lycée
100%
St Tronc
100%
©17 CC St Loup
50%
Belle Ombre Romain Rolland
50%
Claudel Mairie 9-10
50%
Collège Pasteur
50%
La Clairière
50%
Les Roches
50%
St Tronc Gauloise
50%
St Tronc La Rose
50%
St Tronc Parc Fleuri
50%
St Tronc Transformateur
50%
Toulouse Claudel
50%
©15/s-17 Trinitaires Romain Rolland / Trinitaires Huveaune
50%
Val des Bois
50%
Vallon de Toulouse
50%
St Tronc Clair Martin
0%
Aucun quiz correspondant
Distribution des résultats
% des personnes avec chaque résultat
Percentile par nombre de réponses
Votre historique - résultats
Vous n’avez pas pris ce quiz